00375cam a22000977a 4500008004000000082002100040100004300061245012300104260003900227300001100266180718b1969 xxu||||| |||| 00| 0 eng d aB706x71 C16/ST/6 aCanada. Task Force on Labour Relations aTask Force on Labour Relations (under the Privy Council Office), Study No. 6: labour arbirration and industrial change aOttawabPrivy Council Officec1969 a146+p.